| 000 | 00558nam a2200157 4500 | ||
|---|---|---|---|
| 999 |
_c17780 _d17780 |
||
| 008 | 221220b ||||| |||| 00| 0 eng d | ||
| 020 | _a9786214270965 | ||
| 082 |
_22022 _aDFil 658 _bM363 |
||
| 100 |
_aMartin, Matt. _947227 |
||
| 245 |
_aFundamentals of management / _cMatt Martin. |
||
| 260 |
_aIntramuros, Manila : _bUnlimited Books Library Services & Publishing Inc. _c©2022. |
||
| 300 |
_aviii, 551 pages : _billustrations ; _c25 cm. |
||
| 500 | _aIncludes bibliographical references. | ||
| 650 |
_aManagement _xTextbooks. _947231 |
||
| 942 |
_2ddc _cDFIL |
||